LEADER 01204nam0 22003013i 450 001 SUN0123575 005 20190924010635.865 010 $d0.00 017 70$2N$a978-1-137-51299-4 100 $a20190924d2017 |0engc50 ba 101 $aeng 102 $aGB 105 $a|||| ||||| 200 1 $a*Empathy$eEpistemic Problems and Cultural-Historical Perspectives of a Cross-Disciplinary Concept$fVanessa Lux, Sigrid Weigel editors 205 $aLondon : Palgrave, 2017 210 $aix$d325 p. ; 24 cm 215 $aPubblicazione in formato elettronico 410 1$1001SUN0122021$12001 $a*Palgrave Studies in the Theory and History of Psychology$1210 $aCham$cPalgrave Macmillan. 620 $aGB$dLondon$3SUNL000015 702 1$aLux$b, Vanessa$3SUNV095036 702 1$aWeigel$b, Sigrid$3SUNV095037 712 $aPalgrave Macmillan$3SUNV001152$4650 801 $aIT$bSOL$c20190930$gRICA 856 4 $uhttp://link.springer.com/openurl?genre=book&isbn=978-1-137-51299-4 912 $aSUN0123575 950 $aBIBLIOTECA CENTRO DI SERVIZIO SBA$d15CONS SBA EBOOK 4256 $e15EB 4256 20190924 996 $aEmpathy$91561749 997 $aUNICAMPANIA LEADER 01532nas 2200469-a 450 001 9910891295503321 005 20260218111327.0 035 $a(CKB)1000000000280530 035 $a(CONSER)--2005244161 035 $a(DE-599)ZDB2242274-2 035 $a(DE-599)2242274-2 035 $a(EXLCZ)991000000000280530 100 $a20751101b1880194u -a- b 101 0 $ager 181 $ctxt$2rdacontent 182 $cc$2rdamedia 183 $acr$2rdacarrier 200 00$aStatistisches Jahrbuch für das Deutsche Reich /$fherausgegeben vom Kaiserlichen Statistischen Amte 210 $aBerlin $cPuttkammer & Mühlbrecht 215 $a1 online resource 300 $aImprint varies. 311 08$aPrint version: Statistisches Jahrbuch für das Deutsche Reich / 1863-3587 (DLC) 2005244161 (OCoLC)1772652 531 1 $aStat. Jahrb. Dtsch. Reich 606 $aStatistics 606 $aEconomische situatie$2gtt 607 $aGermany$vStatistics$vPeriodicals 607 $aGermany 607 $aGermany$2fast 607 $aGermany$vStatistics$vPeriodicals$2nli 608 $aTables. 608 $aPeriodicals.$2fast 608 $aStatistics.$2fast 615 12$aStatistics. 615 17$aEconomische situatie. 676 $a314.3 712 02$aGermany.$bKaiserliches Statistisches Amt. 712 02$aGermany.$bStatistisches Reichsamt. 906 $aJOURNAL 912 $a9910891295503321 920 $aexl_impl conversion 996 $aStatistisches Jahrbuch für das Deutsche Reich$9754051 997 $aUNINA